[Event "CYCC U10"]
[Site "Quebec CAN"]
[Date "2008.07.16"]
[Round "6"]
[White "Saravanabava, Prathyakshan"]
[Black "Song, Terry"]
[Result "0-1"]
[WhiteElo "1160"]
[BlackElo "1435"]
[PlyCount "110"]
[GameId "2160767910353954"]
[EventDate "2008.07.14"]
[EventType "swiss"]
[EventRounds "7"]
[EventCountry "CAN"]
[SourceTitle "EXT 2011"]
[Source "ChessBase"]
[SourceDate "2011.11.26"]
[SourceVersion "1"]
[SourceVersionDate "2011.11.26"]
[SourceQuality "1"]

1. e4 e5 2. Nf3 Nc6 3. Bc4 Bc5 4. Qe2 d6 5. d3 Be6 6. Bb3 Nge7 7. O-O O-O 8. Be3 Bxe3 9. Qxe3 Bxb3 10. axb3 f5 11. Nc3 f4 12. Qd2 Qd7 13. d4 Ng6 14. d5 Nce7 15. g3 Rf6 16. Nd1 Qg4 17. Ne1 h5 18. f3 Qd7 19. Qf2 a6 20. c4 fxg3 21. hxg3 h4 22. gxh4 Nf4 23. Qh2 Rh6 24. Ne3 Qh3 25. Rf2 Rxh4 26. Rc1 Qxh2+ 27. Rxh2 Rxh2 28. Kxh2 Ne2 29. Rd1 Nd4 30. b4 a5 31. Ra1 b6 32. bxa5 Rxa5 33. Rxa5 bxa5 34. N3c2 Nxc2 35. Nxc2 Kf7 36. Na3 c6 37. Nb1 c5 38. Nd2 Kf6 39. Nb3 a4 40. Nd2 Kg5 41. Nb1 Kf4 42. Kg2 Nc8 43. Nc3 Nb6 44. Nb5 Nxc4 45. Kf2 Nxb2 46. Nxd6 a3 47. Nb5 a2 48. d6 a1=Q 49. Nc3 Nd1+ 50. Nxd1 Qxd1 51. d7 Qxd7 52. Ke2 Qd4 53. Kf1 Qb2 54. Ke1 Ke3 55. Kf1 Qf2# 0-1

[Event "CYCC U10"]
[Site "Quebec CAN"]
[Date "2008.07.16"]
[Round "6"]
[White "Zhu, Hong Rui"]
[Black "Brichko, Michael"]
[Result "1-0"]
[WhiteElo "1636"]
[BlackElo "1541"]
[PlyCount "89"]
[GameId "2160767910353955"]
[EventDate "2008.07.14"]
[EventType "swiss"]
[EventRounds "7"]
[EventCountry "CAN"]
[SourceTitle "EXT 2011"]
[Source "ChessBase"]
[SourceDate "2011.11.26"]
[SourceVersion "1"]
[SourceVersionDate "2011.11.26"]
[SourceQuality "1"]

1. e4 c5 2. Nf3 d6 3. d4 cxd4 4. Nxd4 Nf6 5. Nc3 g6 6. Be3 Bg7 7. Be2 Nc6 8. h3 Bd7 9. Qd2 Rc8 10. Rd1 O-O 11. O-O Re8 12. a3 a6 13. Nf3 Qc7 14. Bh6 Bh8 15. Nd5 Nxd5 16. exd5 Na5 17. c3 Ba4 18. Rde1 Nb3 19. Qf4 Nc5 20. Ng5 f6 21. Bg4 Bd7 22. Ne6 Bxe6 23. Bxe6+ Nxe6 24. Rxe6 Qc4 25. Qe3 Kf7 26. Re1 Qc7 27. g4 Rcd8 28. h4 Rd7 29. h5 gxh5 30. Qh3 Rg8 31. Qxh5+ Rg6 32. f4 Qc4 33. R1e4 Qd3 34. f5 Qg3+ 35. Kf1 Qf3+ 36. Ke1 Qg3+ 37. Kd1 Qg1+ 38. Kc2 Qf2+ 39. Bd2 Bg7 40. fxg6+ hxg6 41. Qh7 g5 42. Re2 Qf3 43. Qe4 Qg3 44. Rxe7+ Rxe7 45. Qxe7+ 1-0

[Event "CYCC U10"]
[Site "Quebec CAN"]
[Date "2008.07.16"]
[Round "7"]
[White "Doknjas, John"]
[Black "Andronescu, Tiberiu"]
[Result "1-0"]
[WhiteElo "1615"]
[BlackElo "1151"]
[PlyCount "65"]
[GameId "2160767910353957"]
[EventDate "2008.07.14"]
[EventType "swiss"]
[EventRounds "7"]
[EventCountry "CAN"]
[SourceTitle "EXT 2011"]
[Source "ChessBase"]
[SourceDate "2011.11.26"]
[SourceVersion "1"]
[SourceVersionDate "2011.11.26"]
[SourceQuality "1"]

1. d4 d5 2. c4 e6 3. Nc3 Nf6 4. Bg5 c6 5. Nf3 Nbd7 6. e3 Bb4 7. a3 Ba5 8. b4 Bc7 9. c5 O-O 10. Bd3 b6 11. Qc2 h6 12. Bh4 bxc5 13. bxc5 Rb8 14. Rb1 Rxb1+ 15. Qxb1 Ba5 16. Qc2 Qc7 17. O-O Qd8 18. Rc1 Bb7 19. Nd2 Qc8 20. Qa4 Ba6 21. Bxa6 Qxa6 22. Nb3 Qb7 23. Nxa5 Qc7 24. Bg3 e5 25. Nxc6 Re8 26. Nxe5 Nxe5 27. dxe5 Qd8 28. exf6 gxf6 29. c6 Re7 30. Nb5 Qc8 31. h3 a6 32. Nc3 Re6 33. Nxd5 1-0

[Event "CYCC U10"]
[Site "Quebec CAN"]
[Date "2008.07.16"]
[Round "7"]
[White "Feng, Robert"]
[Black "Jean, Justin"]
[Result "1-0"]
[WhiteElo "1238"]
[BlackElo "1305"]
[PlyCount "133"]
[GameId "2160767910353958"]
[EventDate "2008.07.14"]
[EventType "swiss"]
[EventRounds "7"]
[EventCountry "CAN"]
[SourceTitle "EXT 2011"]
[Source "ChessBase"]
[SourceDate "2011.11.26"]
[SourceVersion "1"]
[SourceVersionDate "2011.11.26"]
[SourceQuality "1"]

1. e4 c5 2. f4 Nc6 3. Bb5 d6 4. Nf3 a6 5. Bxc6+ bxc6 6. O-O Nf6 7. d3 g6 8. Nc3 Bg7 9. Qe1 O-O 10. b3 Bg4 11. Bb2 Bxf3 12. Rxf3 Re8 13. Qg3 Rb8 14. f5 d5 15. Rb1 dxe4 16. dxe4 Qd4+ 17. Qf2 Qxf2+ 18. Rxf2 Red8 19. Rff1 Rd2 20. Rbc1 Ng4 21. Rfd1 Rbd8 22. Ba1 Ne3 23. Rxd2 Rxd2 24. Na4 Bxa1 25. Rxa1 Rxc2 26. Re1 Nxg2 27. Rd1 Kg7 28. Rd7 e5 29. fxe6 Kf8 30. Rxf7+ Ke8 31. h3 Ne3 32. Rxh7 c4 33. Nc5 cxb3 34. Nxa6 Nd5 35. exd5 cxd5 36. axb3 Rc1+ 37. Kf2 Rc2+ 38. Ke1 Rc1+ 39. Kd2 Rc8 40. Nc7+ Kf8 41. e7+ Kg8 42. e8=Q+ Rxe8 43. Nxe8 Kxh7 44. Nf6+ Kg7 45. Nxd5 g5 46. b4 Kf7 47. Kc3 Ke6 48. Kd4 Kd7 49. Nc3 Kc7 50. Kc5 Kb8 51. Kb6 Kc8 52. Ka7 Kd7 53. Ne4 Ke6 54. Nxg5+ Kf5 55. b5 Kxg5 56. b6 Kh4 57. b7 Kxh3 58. b8=Q Kg4 59. Qe5 Kf3 60. Kb6 Kg4 61. Kc5 Kf3 62. Kd4 Kg4 63. Ke4 Kh3 64. Qg5 Kh2 65. Qg4 Kh1 66. Kf3 Kh2 67. Qg2# 1-0

[Event "CYCC U10"]
[Site "Quebec CAN"]
[Date "2008.07.16"]
[Round "7"]
[White "Graif, William"]
[Black "Zhu, Hong Rui"]
[Result "1/2-1/2"]
[WhiteElo "1050"]
[BlackElo "1636"]
[PlyCount "67"]
[GameId "2160767910353959"]
[EventDate "2008.07.14"]
[EventType "swiss"]
[EventRounds "7"]
[EventCountry "CAN"]
[SourceTitle "EXT 2011"]
[Source "ChessBase"]
[SourceDate "2011.11.26"]
[SourceVersion "1"]
[SourceVersionDate "2011.11.26"]
[SourceQuality "1"]

1. e4 c5 2. Nf3 Nc6 3. d4 cxd4 4. Nxd4 Nxd4 5. Qxd4 d6 6. Be3 Be6 7. Bb5+ Bd7 8. Bxd7+ Qxd7 9. O-O h6 10. f4 Nf6 11. Nc3 b6 12. h3 e6 13. Rad1 Be7 14. a4 O-O 15. Nb5 Rfd8 16. e5 Ne8 17. exd6 Bxd6 18. Nxd6 Qxd6 19. Qxd6 Nxd6 20. b3 Ne4 21. Rd3 Rxd3 22. cxd3 Ng3 23. Rd1 Rc8 24. a5 Rc3 25. axb6 axb6 26. Bxb6 Rxb3 27. Be3 Kh7 28. Kf2 Nf5 29. g4 Nxe3 30. Kxe3 Kg6 31. Ke4 Kf6 32. h4 g5 33. fxg5+ hxg5 34. Rf1+ 1/2-1/2

[Event "CYCC U10"]
[Site "Quebec CAN"]
[Date "2008.07.16"]
[Round "7"]
[White "Gu, Sheng Ming"]
[Black "Saravanabava, Prathyakshan"]
[Result "1/2-1/2"]
[WhiteElo "1398"]
[BlackElo "1160"]
[PlyCount "97"]
[GameId "2160767910353960"]
[EventDate "2008.07.14"]
[EventType "swiss"]
[EventRounds "7"]
[EventCountry "CAN"]
[SourceTitle "EXT 2011"]
[Source "ChessBase"]
[SourceDate "2011.11.26"]
[SourceVersion "1"]
[SourceVersionDate "2011.11.26"]
[SourceQuality "1"]

1. e4 e5 2. Nf3 Nc6 3. d4 exd4 4. Nxd4 Nxd4 5. Qxd4 c6 6. Nc3 Ne7 7. Bc4 a5 8. O-O b5 9. Bd3 b4 10. Ne2 d5 11. Ng3 Be6 12. Re1 Ng6 13. exd5 Qxd5 14. Qxd5 cxd5 15. c4 bxc3 16. bxc3 Rc8 17. Bb5+ Kd8 18. Bg5+ Ne7 19. Be3 Bd7 20. Bb6+ Ke8 21. Bxd7+ Kxd7 22. Bxa5 g6 23. Bb4 Nc6 24. Bxf8 Rhxf8 25. Rad1 Ne7 26. Rd3 f5 27. a4 Rc4 28. Ra1 Ra8 29. a5 Rc5 30. a6 Rc6 31. a7 Rc7 32. c4 Rcxa7 33. Rxa7+ Rxa7 34. cxd5 Kd6 35. h4 Ra5 36. h5 Rxd5 37. Rxd5+ Kxd5 38. hxg6 hxg6 39. f4 Kd4 40. Kf2 Nd5 41. Ne2+ Ke4 42. g3 Nf6 43. Kg2 Ke3 44. Nc3 Nh7 45. Nd5+ Kd4 46. Ne7 Nf8 47. Kf3 Kd3 48. g4 fxg4+ 49. Kxg4 1/2-1/2

[Event "CYCC U10"]
[Site "Quebec CAN"]
[Date "2008.07.16"]
[Round "7"]
[White "McCleary, Reuben"]
[Black "Brichko, Michael"]
[Result "0-1"]
[WhiteElo "1341"]
[BlackElo "1541"]
[PlyCount "108"]
[GameId "2160767910353961"]
[EventDate "2008.07.14"]
[EventType "swiss"]
[EventRounds "7"]
[EventCountry "CAN"]
[SourceTitle "EXT 2011"]
[Source "ChessBase"]
[SourceDate "2011.11.26"]
[SourceVersion "1"]
[SourceVersionDate "2011.11.26"]
[SourceQuality "1"]

1. e4 c5 2. c3 d5 3. exd5 Qxd5 4. d4 cxd4 5. cxd4 Nc6 6. Nf3 Nf6 7. Nc3 Qd8 8. Bb5 e6 9. Bg5 Be7 10. Ne5 Bd7 11. O-O O-O 12. Re1 a6 13. Ba4 b5 14. Bc2 h6 15. Bf4 Bb4 16. a3 Bxc3 17. bxc3 Nxe5 18. Bxe5 Rc8 19. Qd3 g6 20. Qf3 Nd5 21. Qg4 Qg5 22. Qxg5 hxg5 23. Bd6 Rfd8 24. Re5 f6 25. Re2 Nxc3 26. Ree1 Kg7 27. Bb3 Rc6 28. Bb4 Bc8 29. Bxc3 Rxc3 30. Bxe6 Rxd4 31. Bxc8 Rxc8 32. Re7+ Kh6 33. Rae1 Rcd8 34. h3 Rd1 35. Rxd1 Rxd1+ 36. Kh2 Ra1 37. Re6 Rxa3 38. Rxf6 b4 39. Rb6 b3 40. g3 a5 41. h4 gxh4 42. gxh4 a4 43. Rb4 Ra2 44. Kg3 b2 45. f4 a3 46. f5 gxf5 47. Rb6+ Kh5 48. Rb5 Ra1 49. Rxf5+ Kg6 50. h5+ Kxf5 51. h6 Kg6 52. h7 Kxh7 53. Kf4 Rf1+ 54. Ke3 b1=Q 0-1

[Event "CYCC U10"]
[Site "Quebec CAN"]
[Date "2008.07.16"]
[Round "7"]
[White "Plotkin, Mark"]
[Black "Dorrance, Adam"]
[Result "0-1"]
[WhiteElo "1470"]
[BlackElo "1640"]
[PlyCount "88"]
[GameId "2160767910353962"]
[EventDate "2008.07.14"]
[EventType "swiss"]
[EventRounds "7"]
[EventCountry "CAN"]
[SourceTitle "EXT 2011"]
[Source "ChessBase"]
[SourceDate "2011.11.26"]
[SourceVersion "1"]
[SourceVersionDate "2011.11.26"]
[SourceQuality "1"]

1. e4 c6 2. d4 d5 3. exd5 cxd5 4. Nf3 Nf6 5. Bd3 Nc6 6. h3 e6 7. Bf4 Qb6 8. b3 Bd7 9. c3 g6 10. Ne5 Bg7 11. Nxd7 Nxd7 12. Be3 Rc8 13. Nd2 Qa5 14. b4 Qa3 15. Qb3 Qxb3 16. Nxb3 e5 17. b5 Nd8 18. Kd2 Ne6 19. Rac1 f5 20. f3 O-O 21. dxe5 Nxe5 22. Bxa7 Nxd3 23. Kxd3 Nf4+ 24. Kd2 Nxg2 25. Rc2 Bh6+ 26. Ke2 Nf4+ 27. Kf2 Rfe8 28. Nd4 Nd3+ 29. Kg3 Bf4+ 30. Kh4 Ne1 31. Rxe1 Rxe1 32. Re2 Rxe2 33. Nxe2 Bd2 34. Nd4 Bxc3 35. Nb3 d4 36. Nc5 Rxc5 37. Bxc5 d3 38. Be3 d2 39. Bxd2 Bxd2 40. Kg3 b6 41. Kf2 Kf7 42. a3 Ke6 43. Ke2 Ba5 44. Kd3 Kd5 0-1

[Event "CYCC U10"]
[Site "Quebec CAN"]
[Date "2008.07.16"]
[Round "7"]
[White "Rathburn-MacKay, Hector"]
[Black "Preotu, Razvan"]
[Result "1/2-1/2"]
[WhiteElo "1321"]
[BlackElo "1526"]
[PlyCount "74"]
[GameId "2160767910353963"]
[EventDate "2008.07.14"]
[EventType "swiss"]
[EventRounds "7"]
[EventCountry "CAN"]
[SourceTitle "EXT 2011"]
[Source "ChessBase"]
[SourceDate "2011.11.26"]
[SourceVersion "1"]
[SourceVersionDate "2011.11.26"]
[SourceQuality "1"]

1. e4 e5 2. Nf3 Nf6 3. Nxe5 d6 4. Nc4 Nxe4 5. Nc3 Nxc3 6. dxc3 Nc6 7. Be2 Be7 8. O-O O-O 9. Bf4 Bf5 10. Re1 Bg5 11. Qd5 Bxf4 12. Qxf5 Bh6 13. Bd3 g6 14. Qh3 Bg7 15. Rad1 f6 16. Ne3 Ne5 17. Be4 Re8 18. Bd5+ Kh8 19. f4 c6 20. Be6 f5 21. Nxf5 Rxe6 22. Nxg7 Nf3+ 23. Qxf3 Rxe1+ 24. Rxe1 Kxg7 25. f5 Qb6+ 26. Qe3 Re8 27. Qxb6 Rxe1+ 28. Kf2 Rf1+ 29. Kxf1 axb6 30. fxg6 Kxg6 31. Ke2 Kf5 32. Kf3 h5 33. h4 b5 34. b3 d5 35. a4 bxa4 36. bxa4 b6 37. g3 c5 1/2-1/2

[Event "CYCC U10"]
[Site "Quebec CAN"]
[Date "2008.07.16"]
[Round "7"]
[White "Roberge, Alexandre"]
[Black "Liu, Peter"]
[Result "0-1"]
[WhiteElo "889"]
[BlackElo "799"]
[PlyCount "79"]
[GameId "2160767910353964"]
[EventDate "2008.07.14"]
[EventType "swiss"]
[EventRounds "7"]
[EventCountry "CAN"]
[SourceTitle "EXT 2011"]
[Source "ChessBase"]
[SourceDate "2011.11.26"]
[SourceVersion "1"]
[SourceVersionDate "2011.11.26"]
[SourceQuality "1"]

1. e4 c5 2. Nf3 d6 3. Nc3 Nf6 4. Bc4 h6 5. d3 g6 6. O-O Bg7 7. h3 O-O 8. Be3 Nc6 9. Bd2 Bd7 10. Be3 Rc8 11. Re1 e5 12. a3 Nd4 13. Rb1 Nxf3+ 14. Qxf3 Nh5 15. b4 cxb4 16. axb4 Qe8 17. b5 Be6 18. Bxe6 Qxe6 19. Nd5 Rxc2 20. b6 a6 21. Nc7 Qa2 22. Rf1 Rc8 23. Rbe1 Rf8 24. h4 Rb2 25. Rb1 Rxb1 26. Rxb1 Qxb1+ 27. Kh2 a5 28. g4 Nf6 29. g5 hxg5 30. hxg5 Ne8 31. d4 d5 32. Nxd5 Nd6 33. Nc7 Nb5 34. Qh3 Rc8 35. Bd2 a4 36. Qh4 Nxd4 37. Ba5 Nf3+ 38. Kh3 Nxh4 39. Kxh4 Qh1+ 40. Kg4 0-1

[Event "CYCC U10"]
[Site "Quebec CAN"]
[Date "2008.07.16"]
[Round "7"]
[White "Tomelden, West"]
[Black "Gagne, Cory"]
[Result "1-0"]
[WhiteElo "966"]
[BlackElo "938"]
[PlyCount "39"]
[GameId "2160767910353965"]
[EventDate "2008.07.14"]
[EventType "swiss"]
[EventRounds "7"]
[EventCountry "CAN"]
[SourceTitle "EXT 2011"]
[Source "ChessBase"]
[SourceDate "2011.11.26"]
[SourceVersion "1"]
[SourceVersionDate "2011.11.26"]
[SourceQuality "1"]

1. e4 e5 2. Nf3 Nc6 3. Bc4 Bc5 4. Nc3 Nf6 5. d3 b6 6. Ng5 O-O 7. O-O h6 8. Nf3 Bb7 9. h3 Nb4 10. a3 Nc6 11. b4 Bd6 12. Bb2 Nh5 13. Nd2 Nd4 14. Na4 Nf4 15. Bxd4 Qg5 16. Qg4 h5 17. Qxg5 Ne6 18. Bxe6 fxe6 19. Bxe5 Be7 20. Qxg7# 1-0

[Event "CYCC U10"]
[Site "Quebec CAN"]
[Date "2008.07.16"]
[Round "7"]
[White "Yang, Bryant"]
[Black "Jensen, Jacob"]
[Result "0-1"]
[WhiteElo "1348"]
[BlackElo "1569"]
[PlyCount "102"]
[GameId "2160767910353967"]
[EventDate "2008.07.14"]
[EventType "swiss"]
[EventRounds "7"]
[EventCountry "CAN"]
[SourceTitle "EXT 2011"]
[Source "ChessBase"]
[SourceDate "2011.11.26"]
[SourceVersion "1"]
[SourceVersionDate "2011.11.26"]
[SourceQuality "1"]

1. d4 Nf6 2. c4 e6 3. Nf3 b6 4. Bg5 Bb7 5. e3 Bb4+ 6. Nc3 Bxc3+ 7. bxc3 d6 8. Bd3 Nbd7 9. e4 h6 10. Bh4 g5 11. Bg3 Nxe4 12. Bxe4 Bxe4 13. O-O f5 14. Re1 Qe7 15. Nd2 Nf6 16. Qa4+ Qd7 17. Qxd7+ Kxd7 18. Nxe4 Nxe4 19. Rac1 Nd2 20. f4 Nxc4 21. fxg5 hxg5 22. Re2 Rh6 23. Rf1 Rah8 24. h3 Rg6 25. d5 f4 26. dxe6+ Rxe6 27. Rxe6 Kxe6 28. Be1 Ne5 29. Bf2 c5 30. a4 Kd7 31. Rd1 Re8 32. a5 b5 33. Bxc5 Kc6 34. Bb4 Nc4 35. Kf2 Re3 36. Re1 Rxe1 37. Kxe1 Ne3 38. Kf2 Nc2 39. g4 Nxb4 40. cxb4 Kd5 41. Kf3 Ke5 42. a6 d5 43. Kf2 Ke4 44. Ke2 d4 45. Kd2 f3 46. Kd1 d3 47. Ke1 Ke3 48. h4 f2+ 49. Kf1 Kf3 50. hxg5 d2 51. g6 d1=R# 0-1

[Event "CYCC U10"]
[Site "Quebec CAN"]
[Date "2008.07.16"]
[Round "7"]
[White "Yu, Patrick"]
[Black "Herdin, Matthew"]
[Result "1-0"]
[WhiteElo "1502"]
[BlackElo "1228"]
[PlyCount "81"]
[GameId "2160767910353968"]
[EventDate "2008.07.14"]
[EventType "swiss"]
[EventRounds "7"]
[EventCountry "CAN"]
[SourceTitle "EXT 2011"]
[Source "ChessBase"]
[SourceDate "2011.11.26"]
[SourceVersion "1"]
[SourceVersionDate "2011.11.26"]
[SourceQuality "1"]

1. e4 e6 2. d4 d5 3. e5 c5 4. c3 Nc6 5. Nf3 cxd4 6. cxd4 Bb4+ 7. Bd2 Bxd2+ 8. Qxd2 Nge7 9. Be2 O-O 10. O-O Nf5 11. Nc3 Nh4 12. Nxh4 Qxh4 13. Rad1 f5 14. f4 h6 15. Rf3 a6 16. Qe3 Qe7 17. Rg3 b5 18. Rc1 Bb7 19. a3 Rac8 20. b4 Nd8 21. Rf3 Nf7 22. Rff1 g5 23. Bh5 g4 24. Ne2 Rxc1 25. Rxc1 Nh8 26. Ng3 Qd7 27. Nf1 Rc8 28. Rd1 Qc6 29. h3 gxh3 30. Qxh3 Qc3 31. Bf3 Qxa3 32. Qxh6 Re8 33. Bh5 Re7 34. Qg5+ Kf8 35. Qh6+ Kg8 36. Qf6 Qxb4 37. Rd3 Nf7 38. Rg3+ Kf8 39. Bxf7 Qxd4+ 40. Kh1 Rxf7 41. Qd8# 1-0

[Event "CYCC U10"]
[Site "Quebec CAN"]
[Date "2008.07.17"]
[Round "7"]
[White "Levesque, Brale"]
[Black "Berube, Pascal"]
[Result "1-0"]
[Annotator "Brodie,Hugh"]
[WhiteElo "1226"]
[BlackElo "808"]
[PlyCount "28"]
[GameId "2160767739706443"]
[EventDate "2008.07.14"]
[EventType "swiss"]
[EventRounds "7"]
[EventCountry "CAN"]

1. e4 c5 2. Bc4 d6 3. Nf3 Bg4 4. Nc3 Bxf3 5. Qxf3 f6 6. O-O Nc6 7. Bb5 Qc7 8. Nd5 Qd7 9. d3 e6 10. Ne3 a6 11. Bxc6 Qxc6 12. Rd1 Nh6 13. c4 d5 14. exd5 exd5 {etc.} 1-0

[Event "CYCC U10 w"]
[Site "Quebec CAN"]
[Date "2008.07.14"]
[Round "1"]
[White "Cheng, Megan"]
[Black "Reiher, Laurence"]
[Result "1-0"]
[WhiteElo "1049"]
[BlackElo "1039"]
[PlyCount "149"]
[GameId "2160767910353970"]
[EventDate "2008.07.14"]
[EventType "swiss"]
[EventRounds "7"]
[EventCountry "CAN"]
[SourceTitle "EXT 2011"]
[Source "ChessBase"]
[SourceDate "2011.11.26"]
[SourceVersion "1"]
[SourceVersionDate "2011.11.26"]
[SourceQuality "1"]

1. e4 e5 2. Nf3 Nc6 3. Bc4 Nf6 4. Nc3 Bc5 5. O-O O-O 6. d3 h6 7. Nd5 Nxd5 8. Bxd5 d6 9. h3 Nd4 10. c3 Ne6 11. Bxe6 Bxe6 12. b4 Bb6 13. Re1 a6 14. d4 exd4 15. cxd4 c5 16. Nh2 cxb4 17. Qf3 Bxd4 18. Rb1 a5 19. a4 Ba2 20. Qg3 Bxb1 21. Bxh6 Rc8 22. Rxb1 Re8 23. Rd1 Qc7 24. Rxd4 Qc1+ 25. Bxc1 Rxc1+ 26. Nf1 Ra1 27. e5 dxe5 28. Rd7 Rxa4 29. Rxb7 Ra1 30. Qd3 Rc8 31. Qd7 Rf8 32. Qb5 e4 33. Kh2 Ra2 34. Ng3 a4 35. Qxb4 a3 36. Ra7 Rxf2 37. Rxa3 Re8 38. Nxe4 Rf4 39. Qb5 Rfxe4 40. Qb7 R4e7 41. Qd5 Re6 42. Ra8 Kf8 43. Rxe8+ Rxe8 44. Kg3 Re3+ 45. Kf4 Re8 46. Qc5+ Re7 47. Qc8+ Re8 48. Qg4 Rd8 49. Qg5 Rd4+ 50. Ke3 Rd6 51. Qc5 Ke7 52. Qg5+ Ke8 53. Qxg7 Re6+ 54. Kf2 Re7 55. h4 Rd7 56. h5 Rd2+ 57. Kg1 Rd1+ 58. Kh2 Rd5 59. h6 Rh5+ 60. Kg3 Rxh6 61. Qxh6 Ke7 62. Kf3 f6 63. Kf4 Ke6 64. g4 Ke7 65. g5 fxg5+ 66. Kxg5 Kd7 67. Kf5 Kc7 68. Ke5 Kb7 69. Kd5 Kc7 70. Qg6 Kb7 71. Kc5 Kc7 72. Qg7+ Kc8 73. Kd6 Kb8 74. Kc6 Ka8 75. Qb7# 1-0

[Event "CYCC U10 w"]
[Site "Quebec CAN"]
[Date "2008.07.14"]
[Round "1"]
[White "Labrosse, Karine"]
[Black "Milicevic, Aleksandra"]
[Result "0-1"]
[WhiteElo "786"]
[BlackElo "1098"]
[PlyCount "40"]
[GameId "2160767910353971"]
[EventDate "2008.07.14"]
[EventType "swiss"]
[EventRounds "7"]
[EventCountry "CAN"]
[SourceTitle "EXT 2011"]
[Source "ChessBase"]
[SourceDate "2011.11.26"]
[SourceVersion "1"]
[SourceVersionDate "2011.11.26"]
[SourceQuality "1"]

1. e4 c5 2. Nf3 Nc6 3. Nc3 g6 4. Bc4 Bg7 5. O-O d6 6. d3 Nf6 7. Bf4 O-O 8. Re1 Bg4 9. h3 Bxf3 10. gxf3 Qd7 11. Qd2 Qxh3 12. Be6 Qxe6 13. Bh6 Nd4 14. e5 Nxf3+ 15. Kf1 Nxd2+ 16. Ke2 Bxh6 17. Kd1 Nf3 18. Rh1 Qxe5 19. Nb5 Qf4 20. Nc7 Qd2# 0-1

[Event "CYCC U10 w"]
[Site "Quebec CAN"]
[Date "2008.07.14"]
[Round "1"]
[White "Leveille, Maryse"]
[Black "Kubiak, Ola"]
[Result "1-0"]
[WhiteElo "1121"]
[BlackElo "850"]
[PlyCount "115"]
[GameId "2160767910353972"]
[EventDate "2008.07.14"]
[EventType "swiss"]
[EventRounds "7"]
[EventCountry "CAN"]
[SourceTitle "EXT 2011"]
[Source "ChessBase"]
[SourceDate "2011.11.26"]
[SourceVersion "1"]
[SourceVersionDate "2011.11.26"]
[SourceQuality "1"]

1. e4 e5 2. Nf3 Nc6 3. Bc4 Nf6 4. O-O Nxe4 5. Re1 f5 6. Nc3 Nxc3 7. dxc3 e4 8. Nd4 Bc5 9. Be3 Nxd4 10. Bxd4 Bxd4 11. Qxd4 Qe7 12. Rad1 c5 13. Qd2 h5 14. h3 Rh6 15. b4 cxb4 16. cxb4 d6 17. Bb5+ Bd7 18. Bxd7+ Qxd7 19. Qd5 Rb8 20. Qg8+ Ke7 21. Qxb8 Qa4 22. Qxb7+ Qd7 23. Qxd7+ Kxd7 24. a4 Kc6 25. f3 exf3 26. gxf3 Rg6+ 27. Kf2 h4 28. Re2 Kd7 29. Rd5 Kc6 30. Red2 Re6 31. b5+ Kd7 32. a5 g5 33. Rxf5 g4 34. hxg4 h3 35. Rh5 Ke7 36. Rxh3 Rf6 37. Re2+ Re6 38. Rxe6+ Kxe6 39. b6 axb6 40. axb6 Kd7 41. Rh1 Kc6 42. Rb1 Kb7 43. g5 d5 44. g6 Kc6 45. g7 Kc5 46. g8=Q d4 47. Ke2 Kd6 48. Rd1 Ke5 49. f4+ Ke4 50. Qe6+ Kxf4 51. Rxd4+ Kg3 52. Qe3+ Kg2 53. Qf2+ Kh3 54. Qe3+ Kh2 55. Kd1 Kh1 56. Rh4+ Kg2 57. Rg4+ Kh1 58. Qh3# 1-0

[Event "CYCC U10 w"]
[Site "Quebec CAN"]
[Date "2008.07.14"]
[Round "1"]
[White "Lingyun, Shi"]
[Black "Giblon, Melissa"]
[Result "1/2-1/2"]
[WhiteElo "1164"]
[BlackElo "1188"]
[PlyCount "54"]
[GameId "2160767910353973"]
[EventDate "2008.07.14"]
[EventType "swiss"]
[EventRounds "7"]
[EventCountry "CAN"]
[SourceTitle "EXT 2011"]
[Source "ChessBase"]
[SourceDate "2011.11.26"]
[SourceVersion "1"]
[SourceVersionDate "2011.11.26"]
[SourceQuality "1"]

1. d4 d5 2. c4 e6 3. Nc3 Nf6 4. Bf4 Bb4 5. a3 Bxc3+ 6. bxc3 dxc4 7. Bg5 Nc6 8. e4 h6 9. Bxf6 Qxf6 10. Bxc4 Qf4 11. Qf3 Qxf3 12. Nxf3 O-O 13. O-O Re8 14. Rab1 e5 15. dxe5 Nxe5 16. Nxe5 Rxe5 17. Bd3 b6 18. f4 Ra5 19. Ra1 Bd7 20. e5 Bb5 21. Bxb5 Rxb5 22. Rfd1 g5 23. g3 Rb3 24. Rd3 c5 25. a4 c4 26. Rf3 g4 27. Re3 Rd8 1/2-1/2

[Event "CYCC U10 w"]
[Site "Quebec CAN"]
[Date "2008.07.14"]
[Round "1"]
[White "Peng, Jackie"]
[Black "Sametova, Zhanna"]
[Result "1/2-1/2"]
[WhiteElo "1210"]
[BlackElo "976"]
[PlyCount "118"]
[GameId "2160767910353974"]
[EventDate "2008.07.14"]
[EventType "swiss"]
[EventRounds "7"]
[EventCountry "CAN"]
[SourceTitle "EXT 2011"]
[Source "ChessBase"]
[SourceDate "2011.11.26"]
[SourceVersion "1"]
[SourceVersionDate "2011.11.26"]
[SourceQuality "1"]

1. e4 c5 2. Nf3 Nc6 3. Nc3 Nf6 4. d4 cxd4 5. Nxd4 e5 6. Nf3 Bb4 7. Bd3 d5 8. O-O Bxc3 9. bxc3 dxe4 10. Bxe4 Nxe4 11. Qxd8+ Kxd8 12. Bb2 Bg4 13. Rfe1 Bxf3 14. gxf3 Ng5 15. Rad1+ Kc7 16. Kg2 Rad8 17. c4 f6 18. Kg3 Rxd1 19. Rxd1 Rd8 20. Rxd8 Kxd8 21. Kg4 e4 22. Bc1 Nxf3 23. Kf4 Nxh2 24. Kxe4 Ng4 25. f3 Nge5 26. c5 Nb4 27. Bd2 Na6 28. Be3 Kc7 29. f4 Nd7 30. Kd5 h6 31. f5 Nf8 32. c3 h5 33. Bf2 g5 34. fxg6 Nxg6 35. Ke4 Ne7 36. c4 Kc6 37. Kd4 Nxc5 38. Ke3 a6 39. Kf3 Ne6 40. Kg3 Nf5+ 41. Kh3 Nf4+ 42. Kh2 Kd6 43. a4 Ke5 44. c5 Ke4 45. Kh1 Kf3 46. Bg1 Kg4 47. a5 Kh3 48. Bh2 Ng2 49. Kg1 h4 50. Bc7 Nfe3 51. Kh1 f5 52. Bh2 f4 53. Bg1 f3 54. Bf2 Nd1 55. Kg1 Nxf2 56. Kxf2 Kg4 57. Kg1 Kg3 58. c6 bxc6 59. Kh1 f2 1/2-1/2

[Event "CYCC U10 w"]
[Site "Quebec CAN"]
[Date "2008.07.14"]
[Round "2"]
[White "Giblon, Melissa"]
[Black "Sametova, Zhanna"]
[Result "0-1"]
[WhiteElo "1188"]
[BlackElo "976"]
[PlyCount "64"]
[GameId "2160767910353975"]
[EventDate "2008.07.14"]
[EventType "swiss"]
[EventRounds "7"]
[EventCountry "CAN"]
[SourceTitle "EXT 2011"]
[Source "ChessBase"]
[SourceDate "2011.11.26"]
[SourceVersion "1"]
[SourceVersionDate "2011.11.26"]
[SourceQuality "1"]

1. e4 c5 2. Nf3 Nc6 3. d4 cxd4 4. Nxd4 Nf6 5. Nc3 e5 6. Nxc6 bxc6 7. Bc4 Bc5 8. O-O O-O 9. Bg5 h6 10. Bh4 Bb7 11. Qf3 Be7 12. Bxf6 Bxf6 13. Qg3 d5 14. Rad1 d4 15. f4 Qc7 16. Ne2 Rfe8 17. Qg6 Ba6 18. Bb3 Bxe2 19. fxe5 Kh8 20. Bxf7 Rxe5 21. Rxf6 Rg5 22. Qxg5 hxg5 23. Kf2 gxf6 24. Kxe2 Qxf7 25. Rxd4 Re8 26. Kf3 Qxa2 27. h4 Qxb2 28. Rd6 Qxc2 29. hxg5 fxg5 30. Rh6+ Kg7 31. Rh3 Qxe4+ 32. Kg3 Qf4# 0-1